[Event "Andalucia-chT Honor Oriental"]
[Site "Andalucia"]
[Date "2018.11.18"]
[Round "7.24"]
[White "Crespo Ruiz, Manuel Maria"]
[Black "Romero Berruezo, Francisco"]
[Result "0-1"]
[WhiteElo "2026"]
[BlackElo "2161"]
[PlyCount "98"]
[EventDate "2018.09.30"]
[EventType "team-tourn"]
[EventRounds "7"]
[EventCountry "ESP"]
[SourceTitle "EXT 2020"]
[Source "ChessBase"]
[SourceDate "2019.10.17"]
[SourceVersion "1"]
[SourceVersionDate "2019.10.17"]
[SourceQuality "1"]
[WhiteTeam "Nazari"]
[BlackTeam "Metro"]
[WhiteTeamCountry "ESP"]
[BlackTeamCountry "ESP"]

1. d4 d6 2. Nf3 Nf6 3. Bg5 Nbd7 4. Nbd2 e5 5. dxe5 dxe5 6. e4 Bc5 7. Bc4 Qe7 8. Qe2 0-0 9. 0-0 Re8 10. Rfe1 Nf8 11. Nf1 h6 12. Bd2 Ng6 13. h3 Nh5 14. N3h2 Nhf4 15. Bxf4 Nxf4 16. Qf3 g6 17. Ng4 Kg7 18. Kh2 h5 19. Nge3 c6 20. a4 Be6 21. Nd2 Rad8 22. Nb3 Bb6 23. Bxe6 Nxe6 24. c3 Kh7 25. Nc4 Bc7 26. Kh1 Nf4 27. Rad1 Qe6 28. Nbd2 Rd3 29. Ne3 Red8 30. Ndf1 Qb3 31. Rxd3 Rxd3 32. Kh2 Kg8 33. g3 Qxb2 34. Rd1 Rxd1 35. Nxd1 Qe2 36. Qxe2 Nxe2 37. Nd2 b5 38. axb5 cxb5 39. Kg2 Ba5 40. Nb1 b4 41. cxb4 Bxb4 42. Kf1 Nd4 43. Ndc3 Kg7 44. Ke1 Nb5 45. Kd2 f5 46. Kd3 Nxc3 47. Nxc3 Bxc3 48. Kxc3 fxe4 49. Kc4 Kf6 0-1

[Event "Almansa op-A 13th"]
[Site "Almansa"]
[Date "2018.08.03"]
[Round "3.4"]
[White "Romero Berruezo, Francisco"]
[Black "Sanchez Jerez, Emilio Miguel"]
[Result "1/2-1/2"]
[WhiteElo "2161"]
[BlackElo "2246"]
[PlyCount "35"]
[EventDate "2018.08.02"]
[EventType "swiss"]
[EventRounds "7"]
[EventCountry "ESP"]
[SourceTitle "EXT 2024"]
[Source "ChessBase"]
[SourceDate "2023.10.10"]
[SourceVersion "1"]
[SourceVersionDate "2023.10.10"]
[SourceQuality "1"]

1. Nf3 Nc6 2. e4 d6 3. d4 Nf6 4. Nc3 Bg4 5. Be3 e6 6. Be2 Be7 7. Nd2 Bxe2 8. Qxe2 d5 9. e5 Nd7 10. f4 Nb6 11. a3 Qd7 12. Nd1 a5 13. b3 0-0 14. c3 a4 15. b4 Na7 16. Qd3 Nb5 17. 0-0 f5 18. Nb2 1/2-1/2

[Event "Almansa op-A 12th"]
[Site "Almansa"]
[Date "2017.08.05"]
[Round "8"]
[White "Romero Berruezo, Francisco"]
[Black "Esteban Romo, Francisco J"]
[Result "1-0"]
[WhiteElo "2132"]
[BlackElo "2007"]
[PlyCount "169"]
[EventDate "2017.08.01"]
[EventType "swiss"]
[EventRounds "9"]
[EventCountry "ESP"]
[SourceTitle "CBM 179 Extra"]
[Source "ChessBase"]
[SourceDate "2017.08.23"]
[SourceVersion "1"]
[SourceVersionDate "2017.08.23"]
[SourceQuality "1"]

1. e4 d6 2. d4 Nf6 3. Nc3 e5 4. Nf3 Nbd7 5. Bc4 Be7 6. a4 0-0 7. 0-0 exd4 8. Qxd4 c6 9. Bf4 Qb6 10. Rfd1 Qxd4 11. Nxd4 Nc5 12. f3 a5 13. Nde2 Rd8 14. Be3 Be6 15. Bxe6 Nxe6 16. Rd2 Nd7 17. Rad1 Ne5 18. b3 g6 19. h3 Nd7 20. Bf2 Nf6 21. g4 h5 22. Kg2 Rdc8 23. Be3 hxg4 24. hxg4 g5 25. Ng3 d5 26. Nce2 dxe4 27. Nxe4 Nd5 28. Kf2 Nxe3 29. Kxe3 b5 30. Rd7 Kf8 31. Rh1 Bc5+ 32. Nxc5 Nxc5 33. Rh8+ Kg7 34. Rxc8 Rxc8 35. Ra7 Re8+ 36. Kf2 bxa4 37. bxa4 Nxa4 38. Rxa5 Nb6 39. Rxg5+ Kf8 40. Nd4 Rd8 41. Nb3 Nd5 42. Rh5 Ke7 43. Nd4 Kd7 44. Rh7 Rf8 45. Nf5 Nb4 46. c4 Nd3+ 47. Kg3 Ne5 48. Ne3 Kd6 49. f4 Nd7 50. g5 Kc5 51. Kg4 Kd4 52. Nf5+ Kxc4 53. Nd6+ Kd5 54. Nxf7 c5 55. Nh6 Rd8 56. Kf3 c4 57. Ng4 Ke6 58. Rh6+ Kd5 59. Rh1 Kc5 60. g6 c3 61. Ke4 Kc4 62. Ne5+ Nxe5 63. fxe5 c2 64. Rc1 Kc3 65. e6 Rd1 66. Rxc2+ Kxc2 67. g7 Rg1 68. e7 Re1+ 69. Kd4 Rxe7 70. g8Q Rd7+ 71. Kc5 Rc7+ 72. Kd6 Rc3 73. Qg2+ Kb3 74. Kd5 Rc2 75. Qf3+ Rc3 76. Qd1+ Kb2 77. Kd4 Rc1 78. Qd2+ Rc2 79. Qb4+ Ka2 80. Kd3 Rb2 81. Qa4+ Kb1 82. Kc3 Rb8 83. Qd1+ Ka2 84. Qd5+ Ka1 85. Qh1+ 1-0

[Event "Almansa op-A 12th"]
[Site "Almansa"]
[Date "2017.08.04"]
[Round "6"]
[White "Lara Granero, Bio"]
[Black "Romero Berruezo, Francisco"]
[Result "1/2-1/2"]
[WhiteElo "2063"]
[BlackElo "2132"]
[PlyCount "122"]
[EventDate "2017.08.01"]
[EventType "swiss"]
[EventRounds "9"]
[EventCountry "ESP"]
[SourceTitle "CBM 179 Extra"]
[Source "ChessBase"]
[SourceDate "2017.08.23"]
[SourceVersion "1"]
[SourceVersionDate "2017.08.23"]
[SourceQuality "1"]

1. b3 e5 2. Bb2 Nc6 3. e3 d6 4. Ne2 g6 5. d4 Bg7 6. d5 Nce7 7. Ng3 f5 8. h4 Nf6 9. c4 0-0 10. h5 f4 11. exf4 exf4 12. Ne2 Nxh5 13. Bxg7 Nxg7 14. Nbc3 Bg4 15. f3 Bd7 16. Qd2 Qe8 17. 0-0-0 Nef5 18. Nxf4 Qe3 19. Nd3 Qxd2+ 20. Kxd2 Ng3 21. Rg1 Rae8 22. Nf2 N7h5 23. Nfe4 Kg7 24. Nxg3 Nxg3 25. Bd3 h6 26. Rde1 Nh5 27. Rxe8 Rxe8 28. Re1 Rxe1 29. Kxe1 Nf4 30. Bf1 g5 31. g3 Ng6 32. Kf2 Kf6 33. Bd3 Ne5 34. Ne4+ Ke7 35. Be2 Bf5 36. Nc3 c6 37. Ke3 Nd7 38. g4 Bc2 39. Bd3 Bxd3 40. Kxd3 Nf6 41. dxc6 bxc6 42. b4 Nd7 43. b5 Ne5+ 44. Ke4 Kd7 45. c5 Nc4 46. bxc6+ Kxc6 47. cxd6 Nxd6+ 48. Ke5 Nc4+ 49. Kf6 Nd2 50. Kg6 a5 51. Kxh6 Nxf3 52. Ne4 Kb5 53. Nxg5 Ne5 54. Ne4 Nxg4+ 55. Kg5 Ne5 56. Kf4 Nc4 57. Nc3+ Kb4 58. Nb1 Na3 59. Nd2 Kc3 60. Nb3 a4 61. Nc5 Kb2 1/2-1/2

[Event "Almansa op-A 12th"]
[Site "Almansa"]
[Date "2017.08.02"]
[Round "2"]
[White "Castellanos Gomez, Alejandro"]
[Black "Romero Berruezo, Francisco"]
[Result "1-0"]
[WhiteElo "2238"]
[BlackElo "2132"]
[PlyCount "117"]
[EventDate "2017.08.01"]
[EventType "swiss"]
[EventRounds "9"]
[EventCountry "ESP"]
[SourceTitle "CBM 179 Extra"]
[Source "ChessBase"]
[SourceDate "2017.08.23"]
[SourceVersion "1"]
[SourceVersionDate "2017.08.23"]
[SourceQuality "1"]

1. d4 Nf6 2. Bf4 b5 3. e3 Bb7 4. Nf3 a6 5. h3 e6 6. Nbd2 Bd6 7. Bxd6 cxd6 8. c3 0-0 9. a4 b4 10. cxb4 Nc6 11. b5 Nb4 12. bxa6 Bxf3 13. gxf3 Nfd5 14. Bc4 Qh4 15. Kf1 Nb6 16. Qb3 Nxc4 17. Nxc4 Nxa6 18. Nxd6 Rfb8 19. Nb5 Nc7 20. Ke2 h5 21. Qd3 Nd5 22. Rhc1 Qe7 23. Rc5 d6 24. Rcc1 Qd7 25. Kf1 g6 26. Kg2 Kg7 27. Qd2 Rxa4 28. Rxa4 Qxb5 29. Ra3 Qxb2 30. Qxb2 Rxb2 31. Rc6 Nb6 32. f4 d5 33. Ra7 Nc4 34. Rxe6 Kf8 35. Ree7 Nd6 36. Red7 Rb6 37. Ra2 Kg7 38. Rc7 Ne4 39. Rac2 h4 40. Rd7 Nf6 41. Ra7 Ne4 42. Rcc7 Rf6 43. Rd7 g5 44. f3 Nd2 45. Rxd5 gxf4 46. exf4 Rxf4 47. Ra3 Nc4 48. Rc3 Nb6 49. Rg5+ Kf8 50. Rg4 Rf6 51. Rxh4 Nd5 52. Rc8+ Ke7 53. Re4+ Kd7 54. Rg8 Nf4+ 55. Kg3 Nd5 56. Rg5 Ne7 57. Rf4 Rd6 58. Rxf7 Ke6 59. Rf4 1-0

[Event "Andorra op 33rd"]
[Site "La Massana"]
[Date "2015.07.25"]
[Round "8"]
[White "Romero Berruezo, Francisco"]
[Black "Narciso Dublan, Marc"]
[Result "0-1"]
[WhiteElo "2198"]
[BlackElo "2521"]
[PlyCount "112"]
[EventDate "2015.07.18"]
[EventType "swiss"]
[EventRounds "9"]
[EventCountry "AND"]
[SourceTitle "CBM 167 Extra"]
[Source "ChessBase"]
[SourceDate "2015.09.14"]
[SourceVersion "1"]
[SourceVersionDate "2015.09.14"]
[SourceQuality "1"]

1. e4 c6 2. d4 d5 3. Nc3 dxe4 4. Nxe4 Bf5 5. Ng3 Bg6 6. h4 h6 7. h5 Bh7 8. Nf3 e6 9. Bd3 Bxd3 10. Qxd3 Nf6 11. Bd2 Nbd7 12. 0-0-0 Be7 13. Ne4 Nxe4 14. Qxe4 Nf6 15. Qe2 Qd5 16. c4 Qe4 17. Qxe4 Nxe4 18. Be3 0-0 19. Kc2 f5 20. Nd2 Nf6 21. f3 Bd6 22. Nb1 b5 23. c5 Bc7 24. Nc3 Rfe8 25. Bf2 a5 26. Ne2 e5 27. dxe5 Bxe5 28. Nd4 Bxd4 29. Rxd4 Re2+ 30. Rd2 Rae8 31. Kd1 Rxd2+ 32. Kxd2 Re5 33. g3 Kf7 34. Bd4 Rd5 35. Ke3 Nd7 36. f4 Nxc5 37. Bxc5 Rxc5 38. Kd3 Rd5+ 39. Kc3 Rc5+ 40. Kd3 Rd5+ 41. Kc3 Rd6 42. Kc2 Ke7 43. Rh2 Re6 44. Kd2 Re4 45. Rh1 c5 46. Rf1 Kd6 47. Rf3 c4 48. Ra3 a4 49. b4 Kd5 50. Rf3 Kd4 51. a3 c3+ 52. Rxc3 Re2+ 53. Kxe2 Kxc3 54. Ke3 Kb2 55. Kd2 Kxa3 56. Kc3 Ka2 0-1

[Event "ESP-ch 79th"]
[Site "Linares"]
[Date "2014.09.02"]
[Round "9"]
[White "Sanchez Aller, Fernando"]
[Black "Romero Berruezo, Francisco"]
[Result "1-0"]
[WhiteElo "2352"]
[BlackElo "2211"]
[PlyCount "105"]
[EventDate "2014.08.25"]
[EventType "swiss"]
[EventRounds "9"]
[EventCountry "ESP"]
[SourceTitle "CBM 162 Extra"]
[Source "ChessBase"]
[SourceDate "2014.10.17"]
[SourceVersion "1"]
[SourceVersionDate "2014.10.17"]
[SourceQuality "1"]

1. e4 e5 2. Nf3 Nc6 3. Bb5 a6 4. Ba4 Nf6 5. 0-0 Be7 6. Re1 b5 7. Bb3 d6 8. c3 0-0 9. d4 Bg4 10. Be3 exd4 11. cxd4 Na5 12. Bc2 Nc4 13. Bc1 c5 14. b3 Nb6 15. Bb2 cxd4 16. Nbd2 Nfd7 17. h3 d3 18. Bxd3 Nc5 19. Nf1 Be6 20. Nd4 Bd7 21. Ne3 Bf6 22. Ng4 Bxg4 23. hxg4 Qd7 24. Bc2 Rfe8 25. g5 Be5 26. Qh5 g6 27. Qh4 Rac8 28. Rad1 Ne6 29. Bb1 Nxd4 30. Bxd4 Bxd4 31. Rxd4 Re5 32. Red1 d5 33. f4 Re7 34. f5 Qd6 35. Qh6 Rec7 36. exd5 Rc1 37. f6 Qf8 38. Qxf8+ Kxf8 39. Be4 Rxd1+ 40. Rxd1 Nd7 41. Bf3 h5 42. Re1 b4 43. Re7 Rd8 44. d6 Nxf6 45. gxf6 Rxd6 46. Rb7 Rxf6 47. Rxb4 Rf5 48. Rb8+ Kg7 49. b4 Rf6 50. a4 Kh6 51. a5 Kg5 52. b5 axb5 53. Rxb5+ 1-0

[Event "ESP-ch 79th"]
[Site "Linares"]
[Date "2014.09.01"]
[Round "8"]
[White "Romero Berruezo, Francisco"]
[Black "Perez Garcia, Alejandro"]
[Result "1-0"]
[WhiteElo "2211"]
[BlackElo "2093"]
[PlyCount "95"]
[EventDate "2014.08.25"]
[EventType "swiss"]
[EventRounds "9"]
[EventCountry "ESP"]
[SourceTitle "CBM 162 Extra"]
[Source "ChessBase"]
[SourceDate "2014.10.17"]
[SourceVersion "1"]
[SourceVersionDate "2014.10.17"]
[SourceQuality "1"]

1. Nf3 d5 2. c4 c6 3. e3 Nf6 4. Nc3 Bf5 5. cxd5 Nxd5 6. d3 Nb4 7. e4 Bg4 8. a3 Bxf3 9. gxf3 N4a6 10. d4 e6 11. Rg1 Nd7 12. Be3 Qc7 13. Qd2 Rd8 14. Qc2 e5 15. d5 cxd5 16. exd5 Bc5 17. Rxg7 Bxe3 18. fxe3 Qb6 19. Bxa6 bxa6 20. e4 Rb8 21. Nd1 Kf8 22. Rg2 Rg8 23. Rxg8+ Kxg8 24. Qf2 Nc5 25. Kf1 Qb5+ 26. Qe2 Qb3 27. Rc1 Na4 28. Ne3 Kh8 29. Nf5 Rg8 30. Ne7 Re8 31. Nf5 Rg8 32. Nh6 Rf8 33. Rc7 Qb6 34. Nxf7+ Rxf7 35. Rxf7 Qh6 36. Rf5 Qc1+ 37. Kg2 Qh6 38. Qc2 Nb6 39. Qc3 Kg8 40. Qe1 Nc4 41. Kh1 Kh8 42. Rf7 Nd6 43. Rxa7 Qf6 44. Ra8+ Kg7 45. Qg3+ Kh6 46. Rxa6 Qe7 47. h4 Kh5 48. Qg4+ 1-0

[Event "Almansa op-A"]
[Site "Almansa"]
[Date "2014.08.08"]
[Round "7"]
[White "Mingarro Carceller, Sergi"]
[Black "Romero Berruezo, Francisco"]
[Result "0-1"]
[WhiteElo "2233"]
[BlackElo "2211"]
[PlyCount "96"]
[EventDate "2014.08.05"]
[EventType "swiss"]
[EventRounds "9"]
[EventCountry "ESP"]
[SourceTitle "EXT 2019"]
[Source "ChessBase"]
[SourceDate "2018.10.10"]
[SourceVersion "1"]
[SourceVersionDate "2018.10.10"]
[SourceQuality "1"]

1. d4 Nf6 2. c4 d6 3. Nc3 e5 4. d5 Be7 5. e4 0-0 6. Bd3 a5 7. Nge2 Nfd7 8. Ng3 Nc5 9. Bc2 Nba6 10. 0-0 Bg5 11. a3 Bxc1 12. Qxc1 Bd7 13. b3 c6 14. Rb1 Nc7 15. b4 axb4 16. axb4 N5a6 17. f4 c5 18. bxc5 Nxc5 19. fxe5 dxe5 20. Qe3 Ra3 21. Qxc5 Rxc3 22. Rxb7 Na6 23. Qa7 Nc5 24. Qxc5 Rxc2 25. Qd6 Rxg2+ 26. Kh1 Rxh2+ 27. Kxh2 Qh4+ 28. Kg2 Bh3+ 29. Kf2 Qf4+ 30. Ke1 Qxg3+ 31. Kd2 Qg2+ 32. Ke3 Qxf1 33. Rb8 Qc1+ 34. Kf2 Qf4+ 35. Ke1 Qxe4+ 36. Kd2 Qd4+ 37. Ke1 Qc3+ 38. Kf2 Qd2+ 39. Kf3 e4+ 40. Kxe4 f5+ 41. Kf3 Qg2+ 42. Ke3 Qe4+ 43. Kf2 Qh4+ 44. Ke3 f4+ 45. Kd2 Qf2+ 46. Kc3 Qe3+ 47. Kb4 Qe1+ 48. Kc5 Qa5+ 0-1

[Event "Almansa op-A"]
[Site "Almansa"]
[Date "2014.08.08"]
[Round "6"]
[White "Romero Berruezo, Francisco"]
[Black "Sanchez Barbado, Carlos"]
[Result "1-0"]
[WhiteElo "2211"]
[BlackElo "2249"]
[PlyCount "95"]
[EventDate "2014.08.05"]
[EventType "swiss"]
[EventRounds "9"]
[EventCountry "ESP"]
[SourceTitle "EXT 2019"]
[Source "ChessBase"]
[SourceDate "2018.10.10"]
[SourceVersion "1"]
[SourceVersionDate "2018.10.10"]
[SourceQuality "1"]

1. c4 f5 2. g3 Nf6 3. Bg2 e6 4. Nf3 Be7 5. 0-0 0-0 6. Nc3 d6 7. b4 Qe8 8. d3 Nc6 9. b5 Nd8 10. a4 Qh5 11. e3 Nf7 12. Nd2 Qh6 13. f4 e5 14. Nb3 exf4 15. exf4 Re8 16. Re1 Kf8 17. Ra2 Nd8 18. Rae2 Bd7 19. Ba3 Qh5 20. Nd5 Nxd5 21. Bxd5 Bf6 22. d4 Rxe2 23. Qxe2 Qxe2 24. Rxe2 Be7 25. c5 Rc8 26. Bc4 Be8 27. Rc2 Bd7 28. d5 b6 29. c6 Be8 30. Bb2 Bf7 31. Bd4 Bh5 32. Rd2 Kf7 33. Kf2 Bf6 34. Bd3 Ke7 35. Bxf5 Ra8 36. g4 Bf7 37. Re2+ Kf8 38. Bxf6 gxf6 39. Be6 a6 40. Nd4 axb5 41. Nxb5 Rxa4 42. Nxc7 Rxf4+ 43. Kg3 Rc4 44. Nb5 Bxe6 45. c7 Nb7 46. Rxe6 Kf7 47. Rxd6 Rxc7 48. Rxb6 1-0

[Event "Almansa op-A"]
[Site "Almansa"]
[Date "2014.08.07"]
[Round "4"]
[White "Romero Berruezo, Francisco"]
[Black "Fernandez Alvarez, Luis"]
[Result "1-0"]
[WhiteElo "2211"]
[BlackElo "1884"]
[PlyCount "95"]
[EventDate "2014.08.05"]
[EventType "swiss"]
[EventRounds "9"]
[EventCountry "ESP"]
[SourceTitle "EXT 2019"]
[Source "ChessBase"]
[SourceDate "2018.10.10"]
[SourceVersion "1"]
[SourceVersionDate "2018.10.10"]
[SourceQuality "1"]

1. Nf3 Nf6 2. c4 g6 3. Nc3 d6 4. d4 Bf5 5. g3 Ne4 6. Nb1 Bg7 7. Bg2 Nf6 8. 0-0 0-0 9. Nc3 Nc6 10. Nh4 Bd7 11. b3 e5 12. dxe5 dxe5 13. Ba3 Re8 14. Qc1 Qc8 15. Rd1 Nd4 16. e3 Nf5 17. Nf3 Bc6 18. Bb2 Bxf3 19. Bxf3 c6 20. b4 Qc7 21. b5 Rad8 22. bxc6 bxc6 23. Qc2 Rxd1+ 24. Rxd1 h5 25. Qa4 e4 26. Bg2 h4 27. Ne2 hxg3 28. hxg3 Nd7 29. Ba3 Nb6 30. Qc2 Qe5 31. Rb1 Qe6 32. Rc1 Qe5 33. Nf4 Qa5 34. Qb3 Nd7 35. Bb4 Qb6 36. c5 Qb7 37. Qc4 g5 38. Nh5 Nf6 39. Nxf6+ Bxf6 40. Bxe4 Ng7 41. Bf3 Qc7 42. Bc3 Re6 43. Bg4 Bxc3 44. Bxe6 Bd2 45. Rd1 Nxe6 46. Rxd2 Qe5 47. Rd7 a5 48. Ra7 1-0

[Event "ESP-ch 78th"]
[Site "Linares"]
[Date "2013.09.03"]
[Round "6"]
[White "Romero Berruezo, Francisco"]
[Black "Alvarez Fernandez, Enrique"]
[Result "1-0"]
[WhiteElo "2154"]
[BlackElo "2385"]
[PlyCount "129"]
[EventDate "2013.08.29"]
[EventType "swiss"]
[EventRounds "9"]
[EventCountry "ESP"]
[SourceTitle "CBM 156 Extra"]
[Source "ChessBase"]
[SourceDate "2013.10.22"]
[SourceVersion "1"]
[SourceVersionDate "2013.10.22"]
[SourceQuality "1"]

1. e4 e6 2. d4 d5 3. Nd2 dxe4 4. Nxe4 Nd7 5. Nf3 Ngf6 6. Nxf6+ Nxf6 7. c3 c5 8. Ne5 a6 9. Qa4+ Bd7 10. Nxd7 Qxd7 11. Qxd7+ Kxd7 12. Be3 Rc8 13. g3 c4 14. Bg2 Nd5 15. Bd2 Bd6 16. 0-0 Rc7 17. Rfc1 Rb8 18. b3 b5 19. Bf1 Kc8 20. Rab1 Ba3 21. Rc2 Rc6 22. bxc4 bxc4 23. Rxb8+ Kxb8 24. Bc1 Bd6 25. Rb2+ Ka7 26. Bd2 Ba3 27. Rb1 Be7 28. Be2 Bd8 29. Kf1 Ba5 30. Rc1 Kb7 31. Ke1 Kc7 32. Kd1 Kd6 33. Kc2 f6 34. h4 Bb6 35. Rd1 Ke7 36. Rb1 Kf7 37. Bh5+ g6 38. Be2 Kg7 39. Bc1 h6 40. Ba3 g5 41. hxg5 hxg5 42. Bc1 Kg6 43. Bd2 Rc8 44. Bf3 Rc6 45. Rh1 Rc8 46. Re1 Rc6 47. g4 Kf7 48. Rh1 Kg7 49. Be4 Rc7 50. Rb1 Ba7 51. a4 Rd7 52. a5 Kf7 53. Rh1 Ke7 54. Rh8 Kd6 55. Bc1 Kc6 56. Re8 Kb5 57. Rxe6 Kxa5 58. Bxd5 Rxd5 59. Rxf6 Bb6 60. f4 gxf4 61. Bxf4 Kb5 62. Be5 Bd8 63. Rf5 Be7 64. g5 Rd8 65. Bf6+ 1-0

[Event "Almansa op 6th"]
[Site "Almansa"]
[Date "2011.08.13"]
[Round "8"]
[White "Alcazar Jimenez, Jesus Alberto"]
[Black "Romero Berruezo, Francisco"]
[Result "1/2-1/2"]
[WhiteElo "2257"]
[BlackElo "2161"]
[PlyCount "72"]
[EventDate "2011.08.09"]
[EventType "swiss"]
[EventRounds "9"]
[EventCountry "ESP"]
[SourceTitle "CBM 144 Extra"]
[Source "ChessBase"]
[SourceDate "2011.10.28"]
[SourceVersion "1"]
[SourceVersionDate "2011.10.28"]
[SourceQuality "1"]

1. Nf3 c5 2. c4 Nc6 3. Nc3 g6 4. e3 Bg7 5. d4 cxd4 6. exd4 d6 7. Be2 Bg4 8. h3 Bd7 9. Be3 Nf6 10. Qd2 0-0 11. d5 Nb8 12. Nd4 Na6 13. Bh6 Nc5 14. f3 e5 15. dxe6 Nxe6 16. Nxe6 Bxe6 17. Bxg7 Kxg7 18. 0-0-0 Rc8 19. Qf4 Nh5 20. Qd4+ Qf6 21. Rhe1 Rfd8 22. Kb1 Ng3 23. b3 Qxd4 24. Rxd4 d5 25. Nxd5 Bxd5 26. cxd5 Re8 27. Rd2 Rcd8 28. Kc2 Re3 29. d6 Kf6 30. Kd1 Nf5 31. g4 Nxd6 32. Kc2 Rc8+ 33. Kb1 Re6 34. Red1 Ke7 35. Bf1 g5 36. Bd3 Rd8 1/2-1/2

[Event "Almansa op 6th"]
[Site "Almansa"]
[Date "2011.08.12"]
[Round "6"]
[White "Alcaraz Ortega, Javier"]
[Black "Romero Berruezo, Francisco"]
[Result "0-1"]
[WhiteElo "2248"]
[BlackElo "2161"]
[PlyCount "86"]
[EventDate "2011.08.09"]
[EventType "swiss"]
[EventRounds "9"]
[EventCountry "ESP"]
[SourceTitle "CBM 144 Extra"]
[Source "ChessBase"]
[SourceDate "2011.10.28"]
[SourceVersion "1"]
[SourceVersionDate "2011.10.28"]
[SourceQuality "1"]

1. d4 e6 2. c4 Bb4+ 3. Nd2 f5 4. Ngf3 Nf6 5. a3 Be7 6. Qc2 d5 7. Ne5 c6 8. g3 0-0 9. Bg2 Nbd7 10. Nd3 a5 11. b3 Ne4 12. 0-0 Bd6 13. f3 Nxd2 14. Bxd2 Qe7 15. c5 Bc7 16. e4 b6 17. Rfe1 Qf6 18. Bc3 Ba6 19. Rad1 Bxd3 20. Rxd3 Rfe8 21. Bb2 bxc5 22. dxc5 Be5 23. Bxe5 Nxe5 24. Rdd1 fxe4 25. fxe4 Rab8 26. Qc3 Ng4 27. Qxf6 Nxf6 28. Rd3 Rb5 29. exd5 exd5 30. Rxe8+ Nxe8 31. Rc3 Nf6 32. Bf1 Rb7 33. Bd3 Kf7 34. Kf2 Ke6 35. Ke2 Ke5 36. Ba6 Ra7 37. Bc8 Kd4 38. Rc2 Re7+ 39. Kf3 Re3+ 40. Kf4 Rxb3 41. a4 Rb8 42. Bf5 Rb4 43. g4 g6 0-1

[Event "Almansa op 6th"]
[Site "Almansa"]
[Date "2011.08.11"]
[Round "4"]
[White "Chueca Forcen, Alberto"]
[Black "Romero Berruezo, Francisco"]
[Result "1-0"]
[WhiteElo "2323"]
[BlackElo "2161"]
[PlyCount "75"]
[EventDate "2011.08.09"]
[EventType "swiss"]
[EventRounds "9"]
[EventCountry "ESP"]
[SourceTitle "CBM 144 Extra"]
[Source "ChessBase"]
[SourceDate "2011.10.28"]
[SourceVersion "1"]
[SourceVersionDate "2011.10.28"]
[SourceQuality "1"]

1. d4 e6 2. c4 Bb4+ 3. Bd2 Bxd2+ 4. Qxd2 f5 5. g3 Nf6 6. Nc3 0-0 7. Bg2 d6 8. Nf3 Qe7 9. 0-0 Nc6 10. Rfd1 Ne4 11. Qe3 Nxc3 12. Qxc3 e5 13. e3 e4 14. Nd2 Bd7 15. b4 Rae8 16. b5 Nd8 17. Qa3 b6 18. Qxa7 Ne6 19. Qa3 Rf6 20. Qc3 Rh6 21. a4 Qg5 22. f4 exf3 23. Nxf3 Qh5 24. Qd2 Bc8 25. Qf2 Rf8 26. Re1 Bb7 27. Nh4 Bxg2 28. Qxg2 Ng5 29. a5 bxa5 30. Rxa5 Ne4 31. Ra7 d5 32. cxd5 Qf7 33. Rc1 g5 34. Nf3 g4 35. Ne5 Qxd5 36. Rcxc7 Qxb5 37. Qa2+ Kh8 38. Rxh7+ 1-0

[Event "Almansa op 6th"]
[Site "Almansa"]
[Date "2011.08.10"]
[Round "3"]
[White "Romero Berruezo, Francisco"]
[Black "Carrascoso Morales, Abel"]
[Result "1-0"]
[WhiteElo "2161"]
[BlackElo "2263"]
[PlyCount "119"]
[EventDate "2011.08.09"]
[EventType "swiss"]
[EventRounds "9"]
[EventCountry "ESP"]
[SourceTitle "CBM 144 Extra"]
[Source "ChessBase"]
[SourceDate "2011.10.28"]
[SourceVersion "1"]
[SourceVersionDate "2011.10.28"]
[SourceQuality "1"]

1. Nf3 c5 2. c4 g6 3. d4 cxd4 4. Nxd4 Bg7 5. e4 Nc6 6. Be3 Nf6 7. Nc3 Ng4 8. Qxg4 Nxd4 9. Qd1 Nc6 10. Rc1 0-0 11. Be2 f5 12. Qd2 Qa5 13. exf5 Qxf5 14. 0-0 d6 15. Nd5 Qf7 16. Nc7 Rb8 17. c5 dxc5 18. Rxc5 Rd8 19. Qc1 e6 20. Nb5 a6 21. Nc3 Nd4 22. Rd1 b5 23. Bf1 Bb7 24. Ne2 Nf3+ 25. Kh1 Rxd1 26. Qxd1 Bf8 27. Rc1 g5 28. Ng3 g4 29. Bd3 Rd8 30. Qc2 Rxd3 31. Qxd3 h5 32. Qd8 h4 33. Rc7 Qg6 34. gxf3 Bxf3+ 35. Kg1 hxg3 36. hxg3 Bd5 37. Qg5 Qxg5 38. Bxg5 Bxa2 39. Ra7 Bg7 40. Rxa6 Bc4 41. b4 Bc3 42. Be7 Kf7 43. Ra7 Kg6 44. Bc5 Kf5 45. Rf7+ Kg6 46. Rf4 Kg5 47. Be3 Kh5 48. Rxc4 bxc4 49. b5 Be5 50. Kf1 Bb8 51. Ke2 Kg6 52. Kd2 Be5 53. Ba7 Kf5 54. Ke3 c3 55. Kd3 c2 56. Kxc2 Ke4 57. Kb3 Kd5 58. Ka4 Bd6 59. Ka5 Be5 60. Ka6 1-0

[Event "Jaen 20th op"]
[Site "Jaen"]
[Date "2010.01.31"]
[Round "5.9"]
[White "Romero Berruezo, Francisco"]
[Black "Rizouk, Aimen"]
[Result "0-1"]
[WhiteElo "2162"]
[BlackElo "2500"]
[PlyCount "74"]
[EventDate "2010.01.31"]
[EventType "swiss (rapid)"]
[EventCountry "ESP"]
[SourceTitle "EXT 2024"]
[Source "ChessBase"]
[SourceDate "2023.10.10"]
[SourceVersion "1"]
[SourceVersionDate "2023.10.10"]
[SourceQuality "1"]

1. Nf3 Nf6 2. c4 e6 3. g3 d5 4. d4 Be7 5. Bg2 0-0 6. 0-0 dxc4 7. Qc2 a6 8. Qxc4 b5 9. Qc2 Bb7 10. Bd2 Bd6 11. Rd1 Nbd7 12. Ba5 Rc8 13. Nbd2 Qe7 14. a4 c5 15. axb5 axb5 16. dxc5 Nxc5 17. Qb1 Bd5 18. Bc3 Nfe4 19. Nd4 Nxd2 20. Rxd2 Bxg2 21. Kxg2 b4 22. Bxb4 Qb7+ 23. Nf3 Nb3 24. Bxd6 Nxd2 25. Qe1 Nxf3 26. exf3 Rfd8 27. Be5 f6 28. Bc3 e5 29. Qe3 Qd5 30. h4 Re8 31. Ra5 Qc6 32. h5 h6 33. Qe2 e4 34. Ra7 Qc5 35. Ra5 Qb6 36. Rf5 e3 37. Qd1 Qd8 0-1

[Event "Barcelona Sant Marti op 05th"]
[Site "Barcelona"]
[Date "2003.05.03"]
[Round "2.12"]
[White "Leiva Velasco, David"]
[Black "Romero Berruezo, Francisco"]
[Result "1-0"]
[WhiteElo "1930"]
[BlackElo "2040"]
[PlyCount "105"]
[EventDate "2003.04.26"]
[EventType "swiss"]
[EventRounds "9"]
[EventCountry "ESP"]
[SourceTitle "EXT 2004"]
[Source "ChessBase"]
[SourceDate "2003.11.25"]
[SourceVersion "1"]
[SourceVersionDate "2003.11.25"]
[SourceQuality "1"]

1. e4 e6 2. d4 d5 3. Nd2 Nf6 4. e5 Nfd7 5. Bd3 c5 6. c3 Nc6 7. Ne2 Qb6 8. Nf3 cxd4 9. cxd4 f6 10. exf6 Nxf6 11. 0-0 Bd6 12. Nc3 0-0 13. a3 a6 14. Bc2 Bd7 15. Bg5 Be8 16. Re1 Qc7 17. Bh4 Bh5 18. Bg3 Rae8 19. Qd3 Bg6 20. Qd2 Bxg3 21. hxg3 Bxc2 22. Qxc2 Qf7 23. Rad1 Qh5 24. Ne5 Ng4 25. Nxg4 Qxg4 26. Qe2 Qf5 27. Na4 e5 28. dxe5 Rxe5 29. Qd2 d4 30. b4 Rf6 31. Rxe5 Qxe5 32. Re1 Qh5 33. Nc5 Rh6 34. f3 Ne5 35. Qf4 Nxf3+ 36. Qxf3 Qh2+ 37. Kf2 Rf6 38. Re8+ Kf7 39. Rf8+ Kxf8 40. Nd7+ Ke8 41. Nxf6+ gxf6 42. Qxb7 Qh6 43. Qe4+ Kf7 44. Qxd4 f5 45. a4 Qc6 46. a5 Qc2+ 47. Kg1 Kg6 48. Qd6+ Kg5 49. Qxa6 Qd1+ 50. Qf1 Qd4+ 51. Kh2 Qg7 52. Qf4+ Kg6 53. g4 1-0